• 首页
  • 本馆介绍
  • 公告通知
  • 最新文献
  • 馆藏检索
  • 电子资源
  • 读者导购
  • 参考咨询
  • 我的图书馆
  • 登录
  • 详细信息显示
  • 放入我的书架
  • 预约/预借图书
  • 作者相关作品
  • 分类相关作品
  • 丛书相关作品
  • 出版社相关作品

书目信息

  • 表格格式
  • 工作单格式
  • 卡片格式
题名:
等韵源流
    
 
作者: 赵荫棠述
分册:  
出版信息: 北京   商务印书馆  1957.12
页数: 341页
开本: 20cm
丛书名:
单 册:
中图分类: H113.9
科图分类:
主题词: 汉语--语音 , 汉语--音韵学
电子资源:
ISBN:
000 00557nam0 2200217 45
001 0212030849
005 20031219104101.6
010    @b精装@dCNY1.40
091    @a9017.8
100    @a20021203d1957 km y0chiy0120 ea
101 0  @achi
105    @ak z 000yy
200 1  @a等韵源流@ADeng Yun Yuan Liu@f赵荫棠述@FZhao Yin Tang Shu
210    @a北京@c商务印书馆@d1957.12
215    @a341页@d20cm
606 0  @a汉语@x语音
606 0  @a汉语@x音韵学
690    @aH113.9@v3
701  0 @a赵荫棠述
801    @aCN@bTSTC@c20021203
905    @b219411@dH113.9@e63@f1
    
    等韵源流/赵荫棠述.-北京:商务印书馆,1957.12
    341页;20cm
    
    
    ISBN (精装):CNY1.40
    
●
相关链接 在E读中查询图书 在五车中查询图书 在当当中查询图书 在豆瓣中查询图书


正题名:等韵源流     索取号:H113.9/63         预约/预借

序号 登录号 条形码 馆藏地/架位号 状态 备注
1 0219411   001730238   密集书库/ [索取号:H113.9/63] 在馆    
唐山师范学院图书馆 欢迎您!
大连网信软件有限公司© 版权所有